| 000 | 00677cam a2200229 a 4500 | ||
|---|---|---|---|
| 001 | 17050242 | ||
| 005 | 20180308081754.0 | ||
| 008 | 111118s2013 maua 001 0 eng | ||
| 010 | _a 2011046912 | ||
| 020 | _a9780132751124 | ||
| 040 |
_aDLC _cDLC _dDLC |
||
| 041 | _aeng | ||
| 042 | _apcc | ||
| 080 | _a657 WAL | ||
| 082 | 0 | 0 |
_a657 WAL _223 |
| 100 | 1 | _a56 | |
| 101 | _aFI N | ||
| 245 | 1 | 0 |
_aFinancial accounting / _cWalter T. Harrison Jr., Charles T. Horngren, C. William (Bill) Thomas. |
| 906 |
_a7 _bcbc _corignew _d1 _eecip _f20 _gy-gencatlg |
||
| 942 |
_2ddc _cBK |
||
| 999 |
_c44495 _d44495 |
||